[Event "Offene Hessische Senioren Einzelmeisters"]
[Site "Bad Sooden- Allendorf"]
[Date "2013.04.25"]
[Round "6.97"]
[White "Baier, Peter"]
[Black "Bartl, Birgit"]
[Result "1-0"]
[WhiteElo "1479"]
[BlackElo "1153"]
[PlyCount "91"]
[EventDate "2013.??.??"]
[WhiteTeam "TTC Blau-Weiß Geldern Veert e.V."]
[BlackTeam "USV Erfurt Abteilung Schach"]

1. Nf3 d5 2. d4 Nf6 3. Bf4 e6 4. h3 Bd6 5. e3 O-O 6. Be2 c5 7. Bxd6 Qxd6 8. c3
Nbd7 9. O-O b6 10. Nbd2 Re8 11. Re1 Bb7 12. a3 Rac8 13. Qa4 a5 14. Qd1 cxd4 15.
exd4 h6 16. Bd3 Nh5 17. Ne5 Ndf6 18. g3 Nh7 19. Qxh5 Rf8 20. Bxh7+ Kxh7 21. Qd1
f6 22. Qc2+ Kg8 23. Ng4 Kf7 24. Re3 f5 25. Ne5+ Kg8 26. f4 Qd8 27. h4 Qe8 28.
Nf1 Qh5 29. Qd1 Qe8 30. Qe2 Rf6 31. Re1 Rc7 32. Qd1 g6 33. Qb3 b5 34. Qd1 Rg7
35. R1e2 g5 36. Rg2 g4 37. Nd2 a4 38. Nf1 Rc7 39. Rge2 Ba6 40. Re1 Qb8 41. Qd2
Qb6 42. Kh2 Rb7 43. Nd3 Rb8 44. Nc5 Bc8 45. R3e2 Kf7 46. Ne3 1-0

[Event "Offene Hessische Senioren Einzelmeisters"]
[Site "Bad Sooden- Allendorf"]
[Date "2013.04.25"]
[Round "6.98"]
[White "Knobling, Rolf"]
[Black "Richter, Stefan"]
[Result "1-0"]
[WhiteElo "1342"]
[BlackElo "1556"]
[PlyCount "69"]
[EventDate "2013.??.??"]
[WhiteTeam "USV Erfurt Abteilung Schach"]
[BlackTeam "SV Empor West Zwickau"]

1. e4 c5 2. Nf3 b6 3. d4 cxd4 4. Nxd4 Bb7 5. f3 a6 6. c4 e5 7. Nb3 Nc6 8. Nc3
Bb4 9. Qd3 Nge7 10. Be2 O-O 11. O-O Bxc3 12. bxc3 f5 13. exf5 Nxf5 14. Be3 Nxe3
15. Qxe3 Qc7 16. c5 b5 17. Rad1 Rad8 18. Rd6 Rfe8 19. Rfd1 Bc8 20. Bd3 Re6 21.
Be4 Rxd6 22. Rxd6 Re8 23. Qd3 h6 24. Bg6 Re6 25. Qf5 Qd8 26. Bf7+ Kh8 27. Bxe6
Ne7 28. Qd3 Qe8 29. Bxd7 Bxd7 30. Rxd7 Qf7 31. Rd8+ Ng8 32. c6 Qa7+ 33. Kf1 Qc7
34. Qd6 Qf7 35. Qd5 1-0

[Event "Offene Hessische Senioren Einzelmeisters"]
[Site "Bad Sooden- Allendorf"]
[Date "2013.04.25"]
[Round "6.99"]
[White "Krüger, Bernhard"]
[Black "Knaak, Hans"]
[Result "0-1"]
[WhiteElo "1537"]
[BlackElo "1463"]
[PlyCount "74"]
[EventDate "2013.??.??"]
[WhiteTeam "SC Grunbach"]
[BlackTeam "Forster SC 95"]

1. c4 Nf6 2. Nc3 d6 3. g3 e5 4. Bg2 Nc6 5. e3 Be6 6. b3 Be7 7. d4 exd4 8. exd4
O-O 9. d5 Bg4 10. f3 Ne5 11. fxg4 Nfxg4 12. Nf3 Nxf3+ 13. Bxf3 Bf6 14. Qd2 Re8+
15. Be2 Re3 16. Bb2 Qe7 17. O-O Bxc3 18. Bxc3 Rxe2 19. Qd4 Qe3+ 20. Qxe3 Rxe3
21. Rf4 Rxc3 22. Rxg4 Re8 23. Rf4 f6 24. Rf2 Kf7 25. Kf1 Rce3 26. Rd1 R8e5 27.
Rdd2 a5 28. Rde2 Rxe2 29. Rxe2 Rxe2 30. Kxe2 Kg6 31. Kf3 Kf5 32. g4+ Ke5 33.
Ke3 g6 34. h4 h6 35. a3 b6 36. a4 f5 37. h5 fxg4 0-1

[Event "Offene Hessische Senioren Einzelmeisters"]
[Site "Bad Sooden- Allendorf"]
[Date "2013.04.25"]
[Round "6.100"]
[White "Graffenberger, Wilhelm"]
[Black "Winkler, Werner"]
[Result "1-0"]
[WhiteElo "1515"]
[BlackElo "1351"]
[PlyCount "83"]
[EventDate "2013.??.??"]
[WhiteTeam "Hamburger SK von 1830 eV"]
[BlackTeam "SK Bad Sooden-Allendorf"]

1. d4 d5 2. Nf3 h6 3. e3 a6 4. Bd3 Nf6 5. Nbd2 Nc6 6. O-O Bg4 7. Qe1 e6 8. c3
Bd6 9. h3 Bh5 10. Nh2 O-O 11. e4 dxe4 12. Nxe4 Bxh2+ 13. Kxh2 Bg6 14. f3 e5 15.
Nxf6+ Qxf6 16. Bxg6 fxg6 17. d5 Na5 18. Qe4 b5 19. b3 Rae8 20. Kh1 Nb7 21. Qe3
Nd6 22. Ba3 Nf5 23. Qf2 Rf7 24. g3 Rd8 25. Rad1 Rfd7 26. c4 Qg5 27. Rg1 Qe3 28.
Bc5 Qxf2 29. Bxf2 bxc4 30. bxc4 Rc8 31. g4 Ne7 32. Rge1 c6 33. d6 Nd5 34. cxd5
Rxd6 35. Rxe5 cxd5 36. Bg3 Kh7 37. Rd2 d4 38. Re7 Rd5 39. Be5 Rc1+ 40. Kg2 Rxe5
41. Rxe5 Rc4 42. Ra5 1-0

[Event "Offene Hessische Senioren Einzelmeisters"]
[Site "Bad Sooden- Allendorf"]
[Date "2013.04.25"]
[Round "6.101"]
[White "Köllmer, Hans"]
[Black "Neumann, Dr. Peter"]
[Result "1-0"]
[WhiteElo "1305"]
[BlackElo "1478"]
[PlyCount "27"]
[EventDate "2013.??.??"]
[WhiteTeam "Sfr.Heidesheim"]
[BlackTeam "SF Ostsee Warnemünde"]

1. d4 Nf6 2. Bf4 g6 3. Nf3 Bg7 4. e3 d6 5. Be2 Nbd7 6. Nbd2 O-O 7. c3 Re8 8. h4
e5 9. dxe5 dxe5 10. Bg3 Nh5 11. Ne4 f5 12. Bc4+ Kf8 13. Qd5 Ndf6 14. Qf7# 1-0

[Event "Offene Hessische Senioren Einzelmeisters"]
[Site "Bad Sooden- Allendorf"]
[Date "2013.04.25"]
[Round "6.102"]
[White "Lübbecke, Gerd"]
[Black "Girod, Gudrun"]
[Result "1-0"]
[WhiteElo "1478"]
[BlackElo "1349"]
[PlyCount "71"]
[EventDate "2013.??.??"]
[WhiteTeam "SC Friedrichsthal"]
[BlackTeam "Hannover 96 Schach"]

1. e4 e6 2. d4 d5 3. e5 c5 4. c3 cxd4 5. cxd4 Bb4+ 6. Bd2 Bxd2+ 7. Qxd2 Nc6 8.
Nc3 a6 9. Nf3 h6 10. Rc1 Nge7 11. Bd3 O-O 12. O-O Kh8 13. a3 Ng8 14. Na4 Bd7
15. Nc5 Rb8 16. Bb1 f5 17. Ne1 Qe7 18. f4 Be8 19. Nf3 Bf7 20. Nxa6 bxa6 21.
Rxc6 Qb7 22. Rc2 Rfc8 23. Rfc1 Rxc2 24. Rxc2 Rc8 25. Rxc8 Qxc8 26. Qc2 Ne7 27.
Qc5 Qxc5 28. dxc5 Nc6 29. b4 Bh5 30. Bd3 Bxf3 31. gxf3 Nb8 32. a4 d4 33. b5
axb5 34. axb5 Kg8 35. c6 Kf8 36. c7 1-0

[Event "Offene Hessische Senioren Einzelmeisters"]
[Site "Bad Sooden- Allendorf"]
[Date "2013.04.25"]
[Round "6.103"]
[White "Freerksen, Uwe"]
[Black "Jobski, Werner"]
[Result "1-0"]
[WhiteElo "1259"]
[BlackElo "1416"]
[PlyCount "79"]
[EventDate "2013.??.??"]
[WhiteTeam "SK Königsspringer Emden"]
[BlackTeam "SF Schwerte 1951"]

1. e4 e5 2. Nc3 Nf6 3. d3 Nc6 4. Nf3 d6 5. b3 Be7 6. Bb2 Bd7 7. Be2 Nd4 8. h3
Nxe2 9. Nxe2 c5 10. c4 b5 11. O-O b4 12. Kh2 h5 13. Bc1 Ng4+ 14. Kg1 Nh6 15.
Nh2 g5 16. a3 a5 17. axb4 axb4 18. Bb2 Rf8 19. Qd2 f5 20. h4 f4 21. Rxa8 Qxa8
22. f3 gxh4 23. Ra1 Qb7 24. Qe1 Rg8 25. Kh1 h3 26. g3 fxg3 27. Nxg3 Bh4 28.
Nhf1 Be6 29. Ra2 Qg7 30. Kh2 Bd8 31. f4 Qb7 32. Kh1 exf4 33. Nxh5 Rg2 34. Nxf4
Qh7 35. Nxg2 hxg2+ 36. Kxg2 Qg6+ 37. Qg3 Bg4 38. Bc1 Qe6 39. Bxh6 Qxh6 40. Qxg4
1-0

[Event "Offene Hessische Senioren Einzelmeisters"]
[Site "Bad Sooden- Allendorf"]
[Date "2013.04.25"]
[Round "6.104"]
[White "Helm, Irmgard"]
[Black "Wernitz, Armin"]
[Result "1/2-1/2"]
[WhiteElo "1340"]
[BlackElo "1235"]
[PlyCount "58"]
[EventDate "2013.??.??"]
[WhiteTeam "TSG Oberschöneweide e.V."]
[BlackTeam "PostSV Brandenburg e.V."]

1. d4 Nf6 2. c4 g6 3. Nf3 d6 4. h3 Bg7 5. Nc3 O-O 6. Bg5 Nbd7 7. e3 h6 8. Bh4
b6 9. Bd3 Bb7 10. O-O Rc8 11. Rc1 Qe8 12. Bb1 e5 13. d5 Nc5 14. Nh2 e4 15. Ng4
Nxg4 16. Qxg4 f5 17. Qe2 Nd7 18. g4 g5 19. Bg3 f4 20. exf4 gxf4 21. Bh4 e3 22.
f3 Bf6 23. Bxf6 Nxf6 24. Qg2 Qe5 25. h4 Rf7 26. Bf5 Re8 27. Bg6 Ree7 28. Bxf7+
Rxf7 29. Qe2 Bc8 1/2-1/2

[Event "Offene Hessische Senioren Einzelmeisters"]
[Site "Bad Sooden- Allendorf"]
[Date "2013.04.25"]
[Round "6.105"]
[White "Geibel, Henning"]
[Black "Stuiber, Ingeborg"]
[Result "1/2-1/2"]
[WhiteElo "1237"]
[BlackElo "977"]
[Annotator ",Microsoft"]
[PlyCount "76"]
[EventDate "2013.??.??"]
[WhiteTeam "SV Bargteheide"]
[BlackTeam "SK Turm Euskirchen 65"]

1. e4 d5 2. e5 Bf5 3. d4 e6 4. Nf3 c5 5. c4 Nc6 6. a3 Bg4 7. cxd5 Qxd5 8. Nc3
Qd7 9. Be2 cxd4 10. Ne4 Bxf3 11. Bxf3 Nxe5 12. O-O Nxf3+ 13. Qxf3 Be7 14. Bf4
Nf6 $11 15. Rac1 Nxe4 16. Qxe4 O-O 17. Rc7 Qd5 18. Re1 Qxe4 19. Rxe4 Bf6 20.
Rxb7 a5 21. Be5 Bxe5 22. Rxe5 Rfd8 23. Re1 Rab8 24. Rxb8 Rxb8 25. f4 d3 26. Rd1
Rd8 27. Kf2 g6 28. Ke3 d2 29. Rxd2 Rxd2 30. Kxd2 Kf8 31. Kc3 Ke7 32. Kc4 Kd6
33. b4 axb4 34. axb4 Kc6 35. b5+ Kb6 36. g3 f6 37. h3 h6 38. h4 h5 1/2-1/2

[Event "Offene Hessische Senioren Einzelmeisters"]
[Site "Bad Sooden- Allendorf"]
[Date "2013.04.25"]
[Round "6.106"]
[White "Nols, Uwe"]
[Black "Henniges, Erhard"]
[Result "1-0"]
[WhiteElo "1171"]
[BlackElo "1304"]
[PlyCount "47"]
[EventDate "2013.??.??"]
[WhiteTeam "Itzehoer SV von 1923"]
[BlackTeam "SV Rochade Magdeburg 96"]

1. e4 e6 2. d4 Nf6 3. Nc3 d6 4. Be3 Be7 5. h3 O-O 6. Nf3 Nfd7 7. Bd3 a6 8. Qd2
e5 9. Nd5 Bf6 10. Nxf6+ Nxf6 11. dxe5 dxe5 12. Qc1 Qd6 13. a3 Nc6 14. b4 Nd7
15. Qb2 b5 16. Rd1 Qe7 17. c4 bxc4 18. Bxc4 h6 19. Bd5 Rb8 20. Bxc6 f6 21. Bxd7
Bxd7 22. Bc5 Qe6 23. Bxf8 Kxf8 24. O-O 1-0

[Event "Offene Hessische Senioren Einzelmeisters"]
[Site "Bad Sooden- Allendorf"]
[Date "2013.04.26"]
[Round "7.1"]
[White "Ljubarskij, Juri"]
[Black "Ackermann, Hans Werner"]
[Result "1-0"]
[WhiteElo "2174"]
[BlackElo "2175"]
[PlyCount "135"]
[EventDate "2013.??.??"]
[WhiteTeam "Hannover 96 Schach"]
[BlackTeam "SC Hansa Dortmund e.V."]

1. e4 c5 2. Nf3 a6 3. d4 cxd4 4. Nxd4 Nf6 5. Nc3 e5 6. Nf3 Bb4 7. Bd2 d6 8. Bd3
h6 9. O-O Be6 10. Re1 Nbd7 11. a3 Bc5 12. Qe2 O-O 13. Rad1 Qe7 14. h3 Rfe8 15.
Na4 Ba7 16. c4 Rec8 17. Rc1 Nf8 18. Nc3 Qd7 19. Nd5 Bxd5 20. cxd5 Ng6 21. Nh2
Bd4 22. Rb1 Rc7 23. Nf3 Ba7 24. Kh2 Qe7 25. g3 Nd7 26. h4 Nf6 27. Kg2 Nf8 28.
Rh1 N8d7 29. h5 Nc5 30. Nh4 Nxd3 31. Qxd3 Ne8 32. Nf5 Qf6 33. g4 Rac8 34. Rh3
Qd8 35. Ba5 b6 36. Bd2 a5 37. Rg3 f6 38. Qb3 Rc4 39. Rc3 Rxc3 40. bxc3 Qd7 41.
Be3 Kh7 42. a4 Rc7 43. f3 Qc8 44. Bd2 Qa6 45. Qb5 Qxb5 46. Rxb5 g6 47. hxg6+
Kxg6 48. Be3 h5 49. Nh4+ Kh7 50. gxh5 Rxc3 51. Nf5 Ng7 52. Nxg7 Kxg7 53. Bxb6
Bxb6 54. Rxb6 Rc4 55. Rxd6 Rxa4 56. Kg3 Ra1 57. Kg4 Rg1+ 58. Kf5 Rg5+ 59. Ke6
Rxh5 60. Rd7+ Kg8 61. Rf7 Rh8 62. Rxf6 Kg7 63. Kxe5 Re8+ 64. Re6 Ra8 65. Rc6 a4
66. Rc2 Re8+ 67. Kd4 Kf6 68. Ra2 1-0

[Event "Offene Hessische Senioren Einzelmeisters"]
[Site "Bad Sooden- Allendorf"]
[Date "2013.04.26"]
[Round "7.3"]
[White "Schumacher, Gottfried"]
[Black "Haubt, Georg"]
[Result "1-0"]
[WhiteElo "2100"]
[BlackElo "2115"]
[PlyCount "53"]
[EventDate "2013.??.??"]
[WhiteTeam "HTC Bad Neuenahr"]
[BlackTeam "SV Oberursel"]

1. d4 d5 2. c4 Nc6 3. e3 e5 4. Nf3 Bg4 5. Be2 Bb4+ 6. Nc3 exd4 7. exd4 Nf6 8.
O-O h6 9. h3 Be6 10. Ne5 dxc4 11. Nxc6 bxc6 12. Qa4 Qd6 13. Bf3 O-O 14. Bxc6
Rab8 15. d5 Bxc3 16. dxe6 Bd4 17. exf7+ Rxf7 18. Qxc4 Rb4 19. Qc2 Nh5 20. Be8
Rxf2 21. Rxf2 Qe7 22. Bd2 Qe2 23. Raf1 Ng3 24. Bf7+ Kh8 25. Qxc7 Qxf1+ 26. Kh2
Qh1+ 27. Kxg3 1-0

[Event "Offene Hessische Senioren Einzelmeisters"]
[Site "Bad Sooden- Allendorf"]
[Date "2013.04.26"]
[Round "7.4"]
[White "Piankov, Evgenij"]
[Black "Franck, Rudolf"]
[Result "1-0"]
[WhiteElo "2259"]
[BlackElo "2057"]
[Annotator ",Microsoft"]
[PlyCount "132"]
[EventDate "2013.??.??"]
[BlackTeam "SC 1875 Ellwangen"]

1. f4 f5 2. Nf3 Nf6 3. b3 c5 4. Bb2 Nc6 5. e3 g6 6. Ne5 Bg7 7. Bc4 Nxe5 8. Bxe5
d6 9. Bb2 d5 10. Be2 O-O 11. O-O b6 12. Bf3 Bb7 13. d3 Qd7 14. Nd2 Rfd8 15. Qe2
Rac8 16. Rad1 b5 17. Be5 Ne8 $11 18. Bxg7 Nxg7 19. c4 a6 20. Nb1 Qc7 21. g3 e5
22. Nc3 e4 23. Bg2 d4 24. Nd5 Bxd5 25. cxd5 exd3 26. Rxd3 dxe3 27. Rxe3 Re8 28.
Re5 Qd6 29. Qb2 Kf7 30. Bf3 c4 31. bxc4 Rxc4 32. Kg2 Qc5 33. Re2 Qd6 34. Kh3
Rc7 35. Rxe8 Nxe8 36. Re1 Qf8 37. Re6 Rd7 38. Rxa6 Qh6+ 39. Kg2 Qg7 40. Qe2 Re7
41. Re6 Kf8 42. Qxb5 Qc3 43. Rxe7 Kxe7 44. Qe2+ Kd8 45. a4 Qb4 46. Qa2 Nd6 47.
a5 Kc7 48. a6 Kb8 49. Qc2 Nc4 50. Qd3 Qc5 51. Qb3+ Nb6 52. Kh3 Ka7 53. Qa2 h6
54. Qa1 Nxd5 55. Qe5 Nxf4+ 56. gxf4 Qf2 57. Qg7+ Kxa6 58. Qxg6+ Ka7 59. Qg2 Qe3
60. Qa2+ Kb6 61. Kg3 Qg1+ 62. Qg2 Qa1 63. Qf2+ Kc7 64. Qc5+ Kd8 65. Qf8+ Kc7
66. Qe7+ Kb6 1-0

[Event "Offene Hessische Senioren Einzelmeisters"]
[Site "Bad Sooden- Allendorf"]
[Date "2013.04.26"]
[Round "7.5"]
[White "Baum, Bernd"]
[Black "Pape, Manfred"]
[Result "1-0"]
[WhiteElo "2232"]
[BlackElo "2040"]
[PlyCount "101"]
[EventDate "2013.??.??"]
[WhiteTeam "SV Empor Erfurt"]
[BlackTeam "SK Bad Harzburg"]

1. e4 g6 2. d4 Bg7 3. Nc3 c6 4. Bc4 d6 5. Qf3 e6 6. Nge2 Nd7 7. Bb3 a6 8. a4
Qe7 9. O-O e5 10. Be3 Ngf6 11. h3 O-O 12. Rfe1 Re8 13. a5 Nf8 14. dxe5 dxe5 15.
Na4 Be6 16. Bc5 Qc7 17. Nb6 Rad8 18. Nc4 Qb8 19. Bb6 Rc8 20. Red1 Bxc4 21. Bxc4
Ne6 22. Qe3 h6 23. f3 Kh7 24. g4 Re7 25. Rd2 Nd4 26. c3 Nxe2+ 27. Bxe2 Nd7 28.
Rad1 Nxb6 29. Qxb6 Qc7 30. Qxc7 Rcxc7 31. Rd6 Bf8 32. Rd8 Bg7 33. R1d6 Bh8 34.
Bc4 Bg7 35. Kf2 Bh8 36. Ke2 Bg7 37. h4 g5 38. h5 Bh8 39. Kd1 Bg7 40. Kc2 Bh8
41. Kb3 Bg7 42. Kb4 Bh8 43. Kc5 Bg7 44. Kb6 Bh8 45. b4 Bg7 46. Rb8 Bh8 47. Re8
Bg7 48. Rxe7 Rxe7 49. Rd8 Bf6 50. Rb8 Rd7 51. Rxb7 1-0

[Event "Offene Hessische Senioren Einzelmeisters"]
[Site "Bad Sooden- Allendorf"]
[Date "2013.04.26"]
[Round "7.6"]
[White "van Geffen, Ben"]
[Black "van den Berg, Ad"]
[Result "0-1"]
[WhiteElo "2061"]
[BlackElo "2188"]
[PlyCount "56"]
[EventDate "2013.??.??"]
[WhiteTeam "Messemaker 1847"]
[BlackTeam "Aas Aalsmeer"]

1. e4 c5 2. Nf3 e6 3. d4 cxd4 4. Nxd4 Bc5 5. Nb3 Bb6 6. Nc3 Ne7 7. g3 O-O 8.
Bg2 Nbc6 9. O-O f5 10. Qe2 fxe4 11. Nxe4 d5 12. Nec5 e5 13. Bg5 Qd6 14. Bxe7
Nxe7 15. Nd3 e4 16. Nf4 Rxf4 17. gxf4 Qxf4 18. Rfe1 Bc7 19. Qe3 Qxh2+ 20. Kf1
Bd7 21. c4 Rf8 22. Nd4 Bb6 23. Qc3 Nc6 24. c5 Ba5 25. b4 Bxb4 26. Qb3 Bxe1 27.
Qxd5+ Kh8 28. Rxe1 Bh3 0-1

[Event "Offene Hessische Senioren Einzelmeisters"]
[Site "Bad Sooden- Allendorf"]
[Date "2013.04.26"]
[Round "7.7"]
[White "Hassenrück, Helmut"]
[Black "Happel, Henk"]
[Result "1/2-1/2"]
[WhiteElo "2084"]
[BlackElo "2146"]
[PlyCount "129"]
[EventDate "2013.??.??"]
[WhiteTeam "SG-Gladbeck 19/2"]
[BlackTeam "Discendo Discimus"]

1. d4 Nf6 2. Nf3 e6 3. c4 b6 4. g3 Ba6 5. Qa4 Be7 6. Bg2 Bb7 7. O-O O-O 8. Nc3
Ne4 9. Nxe4 Bxe4 10. Rd1 c6 11. Ne5 Bxg2 12. Kxg2 a6 13. Qb3 d6 14. Nf3 Nd7 15.
e4 Qc8 16. Be3 Qb7 17. h4 c5 18. d5 exd5 19. cxd5 Bf6 20. Bf4 Rfe8 21. Qc2 Ne5
22. Bxe5 Bxe5 23. h5 h6 24. Nh4 Qd7 25. Nf5 Rad8 26. Rh1 Qb5 27. Rab1 Bf6 28.
Rhe1 Qd7 29. Re3 b5 30. Rh1 c4 31. Rf3 Bg5 32. Qc3 Re5 33. Qd4 Rde8 34. Qb6 Be7
35. Re1 Bf8 36. Rfe3 Ra8 37. Ra3 Qe8 38. Nxd6 Bxd6 39. Qxd6 Rxe4 40. Rd1 Re2
41. Qf4 b4 42. Rf3 Re4 43. Qd2 a5 44. d6 Qe6 45. a3 Re2 46. Qd4 Re4 47. Qb6 Qd7
48. axb4 axb4 49. Qxb4 Ra7 50. Qc5 Rb7 51. Qd5 Re8 52. Qxc4 Rxb2 53. Qd4 Rb7
54. Rf4 Qc6+ 55. Kh2 Rd7 56. Rg4 f5 57. Rg6 Qf3 58. Qd5+ Qxd5 59. Rxd5 f4 60.
gxf4 Re4 61. Kg3 Re1 62. f5 Kf7 63. Kf4 Rh1 64. f6 gxf6 65. Rxh6 1/2-1/2

[Event "Offene Hessische Senioren Einzelmeisters"]
[Site "Bad Sooden- Allendorf"]
[Date "2013.04.26"]
[Round "7.8"]
[White "Van Oosten, Arend"]
[Black "Weyrauch, Erich"]
[Result "1-0"]
[WhiteElo "2136"]
[BlackElo "2026"]
[PlyCount "89"]
[EventDate "2013.??.??"]
[WhiteTeam "Utrecht"]
[BlackTeam "SV Letmathe 1933 e.V."]

1. e4 c5 2. Nc3 d6 3. g3 Nf6 4. Bg2 g6 5. d3 Bg7 6. f4 Nc6 7. Nf3 Bd7 8. O-O
O-O 9. h3 Rb8 10. Be3 b5 11. Qd2 b4 12. Ne2 a5 13. Nh4 Qc7 14. Rf2 Ne8 15. Rb1
Nd4 16. g4 Nxe2+ 17. Qxe2 a4 18. Nf3 Be6 19. b3 axb3 20. axb3 Ra8 21. f5 Bd7
22. h4 Ra1 23. Rxa1 Bxa1 24. h5 gxh5 25. g5 Bg7 26. Nh4 d5 27. Qxh5 d4 28. Bd2
Qd6 29. Rf3 Be5 30. Rh3 Ng7 31. Qg4 f6 32. Nf3 fxg5 33. Nxg5 h6 34. Nf3 Rf6 35.
Nxe5 Qxe5 36. Bxh6 Rf7 37. Bf4 Qf6 38. Rh6 Bxf5 39. exf5 Qxf5 40. Qh4 Rf6 41.
Rxf6 exf6 42. Be4 Qe6 43. Qg3 f5 44. Be5 Qh6 45. Qxg7+ 1-0

[Event "Offene Hessische Senioren Einzelmeisters"]
[Site "Bad Sooden- Allendorf"]
[Date "2013.04.26"]
[Round "7.9"]
[White "Weidlich, Günter"]
[Black "Haase, Wolfgang"]
[Result "1/2-1/2"]
[WhiteElo "2116"]
[BlackElo "1991"]
[PlyCount "29"]
[EventDate "2013.??.??"]
[WhiteTeam "SV Dresden-Leuben"]
[BlackTeam "SV CAISSA e. V. Kassel"]

1. d4 d5 2. Nf3 Nf6 3. c4 c6 4. Nc3 e6 5. Qb3 Nbd7 6. Bg5 dxc4 7. Qxc4 Qa5 8.
Bd2 Qb4 9. Qxb4 Bxb4 10. a3 Bxc3 11. bxc3 c5 12. e3 b6 13. Be2 Ne4 14. O-O Bb7
15. Rac1 1/2-1/2

[Event "Offene Hessische Senioren Einzelmeisters"]
[Site "Bad Sooden- Allendorf"]
[Date "2013.04.26"]
[Round "7.11"]
[White "Bieberle, Gerhart"]
[Black "Knaak, Joachim"]
[Result "1-0"]
[WhiteElo "1733"]
[BlackElo "2085"]
[Annotator ",Microsoft"]
[PlyCount "161"]
[EventDate "2013.??.??"]
[WhiteTeam "Post-Telekom SV 1925 Aachen e.V."]
[BlackTeam "SV Dresden-Leuben"]

1. Nf3 Nf6 2. c4 g6 3. Nc3 Bg7 4. e4 d6 5. Qb3 O-O 6. d4 Nbd7 7. Be2 e5 8. dxe5
dxe5 9. O-O c6 10. Be3 Qe7 11. a4 a5 12. Qa3 Qxa3 13. Rxa3 Re8 14. h3 Bf8 15.
Raa1 Bc5 16. Bd3 Bxe3 17. fxe3 Kg7 18. Bc2 Nc5 19. Rad1 Ra6 20. Rd2 Rb6 21. Rb1
Nfd7 22. b3 f6 23. Rd6 Kf7 24. Kf2 Ke7 25. Rdd1 Na6 26. Na2 Ndc5 27. Ke2 Be6
28. Kf2 $11 g5 29. Nd2 h5 30. Rh1 Rf8 31. g3 Rd8 32. Ke2 Bf7 33. Rbf1 Nxa4 34.
Ra1 N4c5 35. Nc3 Nb4 36. Rxa5 Nxc2 37. Rxc5 Ra6 38. Nf3 Nb4 39. Nxe5 fxe5 40.
Rxe5+ Kf6 41. Rf5+ Kg6 42. Rhf1 Rd7 43. e5 Re7 44. g4 hxg4 45. hxg4 Be6 46.
Rf6+ Kg7 47. Kf3 Nd3 48. Ke4 Nc5+ 49. Kf3 Nd7 50. Ne4 Nxe5+ 51. Kg3 Rf7 52.
Rxf7+ Nxf7 53. Nc5 Bc8 54. Nxa6 bxa6 55. c5 Ne5 56. Rd1 Be6 57. b4 Bd5 58. Ra1
Bc4 59. Rg1 Kf6 60. Rh1 Ke6 61. Rh6+ Kd5 62. Rh5 Nf7 63. Kf3 Bd3 64. Rh2 Be4+
65. Kg3 Kc4 66. Ra2 Kxb4 67. Rxa6 Kxc5 68. Ra4 Bd3 69. Rd4 Ne5 70. Rd8 Be2 71.
Rg8 Nf7 72. Rf8 Bc4 73. Kf3 Nd6 74. Ra8 Bd5+ 75. Ke2 Ne4 76. Ra7 Kb4 77. Rb7+
Kc4 78. Rb8 c5 79. Rf8 Kb3 80. Rb8+ Ka3 81. Rd8 {fehlende Notation} 1-0

[Event "Offene Hessische Senioren Einzelmeisters"]
[Site "Bad Sooden- Allendorf"]
[Date "2013.04.26"]
[Round "7.12"]
[White "Ghijsen, Pim"]
[Black "Stimpel, Franz"]
[Result "1-0"]
[WhiteElo "2161"]
[BlackElo "2015"]
[PlyCount "75"]
[EventDate "2013.??.??"]
[WhiteTeam "VAS Amsterdam"]
[BlackTeam "Wiesbadener SV 1885"]

1. d4 Nf6 2. Nf3 d6 3. g3 g6 4. Bg2 Bg7 5. O-O O-O 6. Re1 Nc6 7. Nc3 Nd7 8. e4
e5 9. Be3 a6 10. Nd5 exd4 11. Nxd4 Nde5 12. c3 h6 13. h3 Rb8 14. b3 Nxd4 15.
cxd4 Nd7 16. Qd2 Kh7 17. Rac1 c6 18. Nc3 Re8 19. Bf4 Nf8 20. Red1 Ne6 21. Be3
Nc7 22. b4 Be6 23. d5 cxd5 24. exd5 Bc8 25. Bb6 Qd7 26. a4 Re7 27. Bd4 Ne8 28.
Bxg7 Nxg7 29. Ne4 Ne8 30. Qd4 b5 31. a5 Qf5 32. Rc6 Rd7 33. Rdc1 Bb7 34. Rb6
Rbd8 35. Rc3 Kg8 36. Kh2 Re7 37. Re3 Qc8 38. Nf6+ 1-0

[Event "Offene Hessische Senioren Einzelmeisters"]
[Site "Bad Sooden- Allendorf"]
[Date "2013.04.26"]
[Round "7.13"]
[White "Niebuhr, Gerd"]
[Black "Lindner, Jan-Joost"]
[Result "0-1"]
[WhiteElo "1902"]
[BlackElo "2159"]
[PlyCount "48"]
[EventDate "2013.??.??"]
[WhiteTeam "Freibauer Wedemark"]
[BlackTeam "DD Den Haag"]

1. d4 e6 2. Nf3 f5 3. g3 Nf6 4. Bg2 Be7 5. O-O O-O 6. c4 d6 7. Nc3 Qe8 8. Re1
Ne4 9. Nxe4 fxe4 10. Nd2 e3 11. fxe3 Nd7 12. e4 e5 13. e3 Bf6 14. Nf3 b6 15.
Bh3 Qh5 16. Be6+ Kh8 17. Bd5 Rb8 18. Bd2 Be7 19. Rf1 Nf6 20. Nh4 Bg4 21. Qc2
Nxd5 22. Rxf8+ Rxf8 23. cxd5 Bxh4 24. gxh4 Be2 0-1

[Event "Offene Hessische Senioren Einzelmeisters"]
[Site "Bad Sooden- Allendorf"]
[Date "2013.04.26"]
[Round "7.14"]
[White "Lenk, Wolfgang"]
[Black "Biller, Dr. Helmut"]
[Result "1/2-1/2"]
[WhiteElo "2054"]
[BlackElo "1959"]
[PlyCount "37"]
[EventDate "2013.??.??"]
[WhiteTeam "USV TU Dresden"]
[BlackTeam "Sfr. Frankfurt 1921"]

1. e4 d6 2. d4 Nf6 3. Nc3 g6 4. Be2 Bg7 5. Be3 c6 6. Qd2 b5 7. a3 a6 8. h3 Nbd7
9. f4 Nb6 10. Rd1 Qc7 11. Nf3 Bb7 12. O-O O-O 13. Nh2 c5 14. dxc5 dxc5 15. e5
Nfd5 16. Nxd5 Nxd5 17. Bf3 Rad8 18. Qf2 Nxe3 19. Qxe3 1/2-1/2

[Event "Offene Hessische Senioren Einzelmeisters"]
[Site "Bad Sooden- Allendorf"]
[Date "2013.04.26"]
[Round "7.15"]
[White "Niebling, Ferdinand"]
[Black "Essegern, Dr. Kurt"]
[Result "1/2-1/2"]
[WhiteElo "2049"]
[BlackElo "1952"]
[PlyCount "68"]
[EventDate "2013.??.??"]
[WhiteTeam "SC Frankfurt-West"]
[BlackTeam "Randspringer Bad Salzungen"]

1. d4 Nf6 2. c4 e6 3. Nc3 Bb4 4. f3 d5 5. a3 Bxc3+ 6. bxc3 O-O 7. cxd5 exd5 8.
e3 Bf5 9. Ne2 Nc6 10. Ng3 Bg6 11. Bd3 Re8 12. O-O Na5 13. Bxg6 hxg6 14. Qd3 c5
15. Rb1 c4 16. Qc2 Nb3 17. e4 b5 18. Bg5 Qd7 19. e5 Nh7 20. Be3 a5 21. f4 Ra6
22. f5 gxf5 23. Nxf5 f6 24. Rf3 fxe5 25. dxe5 Rxe5 26. Rbf1 Rf6 27. Nh6+ Kh8
28. Rxf6 Nxf6 29. Rxf6 gxf6 30. Qg6 Qg7 31. Nf7+ Kg8 32. Nxe5 fxe5 33. Qe8+ Kh7
34. Qh5+ Kg8 1/2-1/2

[Event "Offene Hessische Senioren Einzelmeisters"]
[Site "Bad Sooden- Allendorf"]
[Date "2013.04.26"]
[Round "7.16"]
[White "Kempen, Willi"]
[Black "Just, Fred"]
[Result "1/2-1/2"]
[WhiteElo "1888"]
[BlackElo "2044"]
[PlyCount "35"]
[EventDate "2013.??.??"]
[WhiteTeam "Rheydter SV 1920"]
[BlackTeam "SAbt SV Werder Bremen"]

1. e4 c6 2. d4 d5 3. Nc3 dxe4 4. Nxe4 Nd7 5. Bc4 e6 6. Qe2 Ngf6 7. Ng5 Nb6 8.
Bb3 h6 9. N5f3 Qc7 10. Ne5 a5 11. a4 Bd6 12. Ngf3 c5 13. dxc5 Qxc5 14. O-O Nbd5
15. Rd1 Bc7 16. c4 Nb4 17. Be3 Qe7 18. c5 1/2-1/2